Catáleg de materials etnográfics de L' Arxiu d' Etnografia i Folklore de Catalunya / (Record no. 40685)
[ view plain ]
| 000 -CABECERA | |
|---|---|
| campo de control de longitud fija | 00780nam a2200169 a 4500 |
| 001 - NÚMERO DE CONTROL | |
| campo de control | 000041195 |
| 005 - FECHA Y HORA DE LA ÚLTIMA TRANSACCIÓN | |
| campo de control | 20201002034710.0 |
| 008 - DATOS DE LONGITUD FIJA--INFORMACIÓN GENERAL | |
| campo de control de longitud fija | 130925s1990 sp ac 000 0 spa d |
| 020 ## - NÚMERO INTERNACIONAL ESTÁNDAR DEL LIBRO | |
| Número Internacional Estándar del Libro | 8400070909 |
| 040 ## - FUENTE DE LA CATALOGACIÓN | |
| Centro catalogador/agencia de origen | DO-SdBNP |
| Lengua de catalogación | spa |
| Centro/agencia transcriptor | BNPHU |
| 100 1# - ENTRADA PRINCIPAL--NOMBRE DE PERSONA | |
| Nombre de persona | Calvo i Calvo, Lluís, (1957-) |
| 9 (RLIN) | 67767 |
| 245 10 - MENCIÓN DE TÍTULO | |
| Título | Catáleg de materials etnográfics de L' Arxiu d' Etnografia i Folklore de Catalunya / |
| Mención de responsabilidad, etc. | Lluís Calvo i Calvo. |
| 260 ## - PUBLICACIÓN, DISTRIBUCIÓN, ETC. | |
| Lugar de publicación, distribución, etc. | Barcelona : |
| Nombre del editor, distribuidor, etc. | Consell Superior d'Investigacions Científiques, |
| Fecha de publicación, distribución, etc. | 1990. |
| 300 ## - DESCRIPCIÓN FÍSICA | |
| Extensión | 262 p., [28] p. de làm. ; : |
| Otras características físicas | il., retrs. ; |
| Dimensiones | 27 cm. |
| 500 ## - NOTA GENERAL | |
| Nota general | Els materials inclosos al catàleg formen part actualment del fons documental de la Institució Milà i Fontanals del CSIC de Barcelona |
| 710 2# - PUNTO DE ACCESO ADICIONAL--NOMBRE DE ENTIDAD CORPORATIVA | |
| Nombre de entidad corporativa o nombre de jurisdicción como elemento de entrada | Consell Superior d'Investigacions Científiques, |
| 9 (RLIN) | 67768 |
| Estado de retiro | Estado de pérdida | Restricciones de uso | No para préstamo | Código de colección | Localización permanente | Ubicación/localización actual | Ubicación en estantería | Fecha de adquisición | Número de inventario | Total de préstamos | Signatura topográfica completa | Código de barras | Fecha visto por última vez | Precio válido a partir de | Tipo de ítem Koha |
|---|---|---|---|---|---|---|---|---|---|---|---|---|---|---|---|
| Excluido de préstamo | Monografías: Libros y Folletos | General | General | En catalogación | 25.09.2013 | LF1 | 41195-10 | 25.06.2020 | 25.06.2020 | No se presta |
